<?xml version="1.0" encoding="UTF-8"?>
<collection xmlns="http://www.loc.gov/MARC21/slim">
 <record>
  <leader>00878nam a2200193 a 4500</leader>
  <controlfield tag="001">TVCDKTCT3573</controlfield>
  <controlfield tag="003">Thư viện trường Cao đẳng Kỹ thuật Cao Thắng</controlfield>
  <controlfield tag="005">20051003000000</controlfield>
  <controlfield tag="008">051003</controlfield>
  <datafield tag="980" ind1="\" ind2="\">
   <subfield code="a">Thư viện Trường CĐ Kỹ Thuật Cao Thắng</subfield>
  </datafield>
  <datafield tag="024" ind1=" " ind2=" ">
   <subfield code="a">RG_1 #1 eb0 i1</subfield>
  </datafield>
  <datafield tag="041" ind1="0" ind2="#">
   <subfield code="a">vie</subfield>
  </datafield>
  <datafield tag="082" ind1="#" ind2="#">
   <subfield code="a">389.621 8 / </subfield>
   <subfield code="b">T309C-s</subfield>
  </datafield>
  <datafield tag="100" ind1="1" ind2="#">
   <subfield code="a">Bộ cơ khí và luyện kim</subfield>
  </datafield>
  <datafield tag="245" ind1="0" ind2="0">
   <subfield code="a">Tiêu chuẩn Nhà nước : Sai số cho phép khi đo những kích thước độ dài đến 500 mm sai lệch giới hạn những kích thước có dung sai không chỉ dẫn : TCVN 2262 - 77 / TCVN 2263 - 77 /</subfield>
   <subfield code="c">Bộ cơ khí và luyện kim</subfield>
  </datafield>
  <datafield tag="250" ind1="#" ind2="#">
   <subfield code="a">In lần thứ 1</subfield>
  </datafield>
  <datafield tag="260" ind1="#" ind2="#">
   <subfield code="a">H. :</subfield>
   <subfield code="b">Khoa học và kỹ thuật Nhà nước ,</subfield>
   <subfield code="c">1979</subfield>
  </datafield>
  <datafield tag="300" ind1="#" ind2="#">
   <subfield code="a">33tr. ;</subfield>
   <subfield code="c">21cm</subfield>
  </datafield>
  <datafield tag="650" ind1="#" ind2="4">
   <subfield code="a">Dung sai</subfield>
  </datafield>
 </record>
</collection>
